Playboi Carti - MUSIC - SORRY 4 DA WAIT Tracklist - Statistics

General Stats
  • This quiz has been taken 799 times
  • The average score is 25 of 34
Answer Stats
songs % Correct
POP OUT
96%
EVIL J0RDAN
92%
2024
91%
CRUSH
91%
BACKR00MS
87%
K POP
86%
RATHER LIE
86%
MOJO JOJO
85%
BACKD00R
83%
FOMDJ
83%
PHILLY
80%
TRIM
80%
DIFFERENT DAY
79%
GOOD CREDIT
78%
HBA
77%
TWIN TRIM
77%
CHARGE DEM HOES A FEE
76%
TOXIC
74%
RADAR
73%
CRANK
72%
OPM BABI
72%
SOUTH ATLANTA BABY
72%
WE NEED ALL DA VIBES
71%
FINE SHIT
66%
JUMPIN
66%
OLYMPIAN
66%
OVERLY
66%
WAKE UP F1LTHY
65%
WALK
64%
LIKE WEEZY
62%
I SEEEEEE YOU BABY BOI
61%
MUNYUN
60%
COCAINE NOSE
58%
DIS 1 GOT IT
54%
No matching quizzes found
Score Distribution
Percent of People with Each Score
Percentile by Number Answered
Your Score History
You have not taken this quiz